000
00324nam a22001457a 4500
008
221109b ||||| |||| 00| 0 eng d
020
_a
2740313422752
041
_a
eng
080
_2
THIRD EDITION
_a
61
082
_a
61 COL
100
_a
4
101
_a
MJK
245
_a
MEDICAL TERMINOLOGY
_c
COLLINS E
942
_2
udc
_c
BK
999
_c
58805
_d
58805